| 000 | 00512nam a2200169Ia 4500 | ||
|---|---|---|---|
| 999 |
_c25477 _d25477 |
||
| 003 | OSt | ||
| 005 | 20201215154228.0 | ||
| 008 | 190216s9999||||xx |||||||||||||| ||und|| | ||
| 040 | _coclc | ||
| 082 |
_a894.8124 _bRAV/A |
||
| 100 |
_aRaveendran, P _97182 |
||
| 245 | 0 |
_aAkalangalile Manushyar / _cP Raveendran |
|
| 260 |
_bSahithya Pravarthaka Sahakarana Sangam, _aTrivandrum: _c1982. |
||
| 300 | _a158p | ||
| 650 | _aEssay Malayalam | ||
| 942 |
_cBK _2ddc _h894.8124 _iRAV/A _k894.8124 _mRAV/A |
||